| 000 | 01886cam a2200529 ab4500 | ||
|---|---|---|---|
| 001 | 21405 | ||
| 003 | VRT | ||
| 005 | 20260228144136.0 | ||
| 008 | 240314s2015 xo a b 000 j slo | ||
| 015 | _aSNBA2015/07 | ||
| 020 |
_a9788007023413 _q(viaz.) |
||
| 035 | _a4FC4DF0C-A5AD-4012-8E22-C82AAD3180AB | ||
| 035 | _aurn:nbn:sk:snk-amkv4u | ||
| 035 | _aurn:nbn:sk:snk-am004cdv | ||
| 039 | 9 |
_a202407231122 _bAUTHORITY _c202407231103 _dAUTHORITY _c202403141420 _dVLOAD _c201608091031 _dcsnk08 |
|
| 040 |
_aSVKBB _bslo _cSVKBB _dSNK _eAACR2 |
||
| 041 | 1 |
_aslo _hrus _hdan |
|
| 044 |
_axo _cSK |
||
| 072 | 7 |
_a821.11 _xGermánske literatúry _2konspekt |
|
| 072 | 7 |
_a821-93 _xLiteratúra pre deti a mládež _2konspekt |
|
| 080 |
_a821.113.4-34 _22001 |
||
| 080 |
_a821-93 _22001 |
||
| 100 | 1 |
_aAndersen, Hans Christian, _d1805-1875 _4aut |
|
| 245 | 1 | 0 |
_aNajkrajšie rozprávky H. Ch. Andersena _c[chudožnik: V. Čajčuk ; adaptation: Želmíra Talajová] |
| 260 |
_aBratislava _bPríroda _c2015 |
||
| 300 |
_a141 s. _bfareb. ilustr. _c25 cm |
||
| 500 | _aPravdepodobne preložené z ruského prekladu dánskeho originálu | ||
| 655 | 7 |
_adánske rozprávky _2SNKPH |
|
| 655 | 7 |
_apublikácie pre deti _2SNKPH |
|
| 655 | 7 |
_aDanish fairy tales _2SNKPHeng |
|
| 655 | 7 |
_aChildren's literature _2SNKPHeng |
|
| 700 | 1 |
_aČajčuk, V. _4ill |
|
| 700 | 1 |
_aTalajová, Želmíra _4adp |
|
| 730 | 0 |
_aSkazki _lSlovensky |
|
| 910 | _asvkbb | ||
| 910 | _apokpoh | ||
| 910 | _asnk | ||
| 910 | _asllk | ||
| 910 | _ahevk | ||
| 910 | _atotk | ||
| 942 |
_2ddc _cKLDE _n0 |
||
| 949 |
_62889304432 _asavukPV 20997 _bsavuk2015/2554 |
||
| 949 |
_6270001000493598 _asvkbbB 53496 _bsvkbbm 753871 |
||
| 949 |
_617A1159510 _asnkSC 164933 _bsnk2015/17624 _o1077/15 _s6100:20140925 |
||
| 949 |
_617A1159511 _asnkSC 164933 D1 _bsnk2015/17625 _o1077/15 |
||
| 999 |
_c21405 _d21405 |
||